Quizzes
Events
Quiz Creation
Community
Videos
Private Events
Remove Ads
Sign In
Join for FREE
Feedback
Dark Mode
Quiz Categories
Sports
Geography
Music
Movies
Television
Just For Fun
Miscellaneous
History
Literature
Language
Science
Gaming
Entertainment
Religion
Holiday
For Kids
Quiz Lab
Recent
Popular Today
Quiz Kudos Today
Editor Picks
Curator Picks
Quizzes by...
Day
Popularity
Type
Ratings
Length
Year
Community
Subscriptions
Recent Discussions
Orange Saloon
Badges
Playlists
Quests
Create
Leaderboards
Showdown
Live 5
Trivia Bingo
Activity
Puzzle Library
Sporcle Events
Private Events
Virtual Trivia
Globe League
Become a Host
Pub Owners
SporcleCon
Opinionation
Our Games
Videos
Blog
Mobile Apps
Partnerships
Remove Ads and Go Orange
Feedback
Literature
Harry Potter
A Song of Ice and Fire
The Hunger Games
Literary Character
Shakespeare
Book
Author
Novel
Poem
Young Adult
Children's Books
Play
Lord of the Rings
Literature
Harry Potter
A Song of Ice and Fire
The Hunger Games
Literary Character
Shakespeare
Book
Author
Novel
Poem
Young Adult
Children's Books
Play
Lord of the Rings
Random Quiz
Search Sporcle
×
Quiz Lab
Quiz Lab
Literature
Harry Potter
Type in answers that appear in a list
Type in answers that appear in a list
Classic
Best Score? Go Orange.
Nastily Exhausting Harry Potter I Trivia Stats
Can you answer the extremely hard trivia from Harry Potter and the Philosopher's Stone?
By
Luna_Scamander
15m
26 Questions
941 Plays
941 Plays
941 Plays
Comments
Comments
Give Quiz Kudos
Give Quiz Kudos
-
- Ratings
hide this ad
Forced Order
Answers have to be entered in order
Answers have to be entered in order
Replay
Link that replays current quiz
Next Quiz
Link to next quiz in quiz playlist
You Got
0%
They Got
Avg Score
54%
Avg Friend Score
Upgrade to see
Score Distribution
Jump to the score distribution portion of the page
Score
0/26
Timer
15:00
0
Plays Today
Question
Answer
% Correct
What is the blood status of Seamus Finnigan?
Half-Blood
90.1%
On what day of the week does Harry recieve twenty-
four letters from Hogwarts?
Saturday
90%
How many times does Dumbledore click the Put-
Outer?
Twelve
81.7%
What is the total amount of points Neville won for Gryffindor the whole year?
10 points
81.2%
How many points from Gryffindor does Snape take in Harry's first potions lesson?
Two
81%
In the game of chess, what piece does Harry take the place of?
Bishop
78.2%
How many Malfoys is Neville worth?
Twelve
69.3%
What time does Hermione, Neville, Harry, and Malfoy's detention take place?
11:00PM
68.9%
What percentage did Hermione get on her Charms exam?
112%
68.2%
What time does Harry wake up on September 1st?
5:00AM
67.2%
What is the flavour of grey Bertie Botts' Every Flavour Beans?
Pepper
62%
In the Key Room, what colour is the handle of the door to go into the next chamber?
Silver
61.7%
Where does McGonagall suspect Dedalus Diggle of creating shooting stars?
Kent
58.4%
Question
Answer
% Correct
What type of owl brings Neville his Remembrall?
Barn owl
56%
When Harry wakes up in the hospital wing, what does he think Dumbledore's glasses are when he wakes up?
The Golden Snitch
53.5%
What is the name of the weatherman on the Dursleys' television?
Jim McGuffin
48.4%
How long did the longest Quidditch game go on for (According to Wood)?
Three months
47.9%
When the first-
years meet Peeves, what does he throw at them?
Walking sticks
44.7%
What room do Harry and the Dursleys stay in at the Railview Hotel?
Room 17
39.6%
Who wrote 'A Beginner's Guide to Transfiguration?
Emeric Switch
38.3%
Name one of the three books Hermione lists that Harry is in on the train
Modern Magical History, Rise and Fall of the Dark Arts, Great Wizarding Events of the Twentieth Century
30.2%
Who gets Sorted before Harry?
Sally-Anne Perks
26.6%
Ron almost hit a what on Charlie's old broomstick?
A Hang-glider
26.5%
What do they have to do in their first Transfiguration lesson (other than notes)?
Turn matches into needles
21.9%
What type of gloves is Hagrid wearing as he defrosts broomsticks before the Quidditch match?
Rabbit-fur gloves
15.8%
Hermione didn't have to learn about what two things for their History of Magic exam?
The 1637 Werewolf Code of Conduct and the Uprising of Elfric the Eager
6.3%
Quiz Playlist
Details
Report
Send in Message
Add To Playlist
Classic:
Type in answers that appear in a list
Forced Order:
Answers have to be entered in order
Last Updated: Mar 17, 2017
Quiz Scoreboard
CHALLENGE
Sign Up to Join the Scoreboard
Show All
Scores
Hide
Comments
May contain spoilers
Recently Published
An Introduction to Baseball
by treessimontrees
Sports
5m
Movies - When Are They Set?
by FPL_Elf
Movies
5m
Popular People in 1961
by mucciniale
History
6m
More to Explore
Quiz From the Vault
Featured Blog Post
Where Did the Easter Bunny Come From?
hide this ad
You Might Also Like...
Tags
Harry Potter Quiz
Extremely
hard
Philosopher
Philosopher Stone
stone
Today's Top Quizzes in Literature
Browse Literature
hide this ad
Today's Top Quizzes in Harry Potter
Browse Harry Potter
Top Contributed Quizzes in Literature
1
Sneaky Slytherin Logic Puzzle
2
One Thing in Common: Literature
3
Get The Picture: Black or White Literature
4
Harry Potter Neighbourly Logic Puzzle #3
5
Weasley Family Reunion: Logic Puzzle
6
One Thing in Common: Books
7
One Thing in Common: Literature II
8
Harry Potter Neighbourly Logic Puzzle #1
9
Harry Potter Neighbourly Logic Puzzle #5
10
Harry Potter Neighbourly Logic Puzzle #6
Explore More
Trending Topics
NBA
Kpop
Harry Potter
Anime
Marvel
Disney
Crossword
WWE
Country
Song
NFL
Pokémon
The Office
Puzzle
Soccer
hide this ad
More By:
Luna_Scamander
Quiz
Plays
Rating
Category
Featured
Created
Harry Potter Couples By Their Children (Clickable)
4,013
4.86
Literature
Oct 12, 2012
Avengers: Infinity War Logic Puzzle
3,117
3.20
Just For Fun
Aug 27, 2018
Nastily Exhausting Harry Potter I Trivia
941
5.00
Literature
Aug 1, 2013
Nastily Exhausting Harry Potter VI Trivia
617
4.67
Literature
Mar 17, 2017
Harry Potter Characters By Hair Colour
569
4.10
Literature
Jul 3, 2012
Go to Creator's Profile
Score Distribution
Quiz Creator Spotlight
Luna_Scamander
Follow
Send a Message
Quizzes Created
-
Created Quiz Play Count
-
More By This Creator
Popular Quizzes Today
1
Find the Countries of Europe - No Outlines Minefield
2
Find the US States - No Outlines Minefield
3
The Countries of the World
4
Popular People in 1961
5
US States
6
Find the US States
7
1-10 Letter E Words III
8
Risky Map Clicking: Biggest States A-Z
More Literature Quizzes
Novel by Protagonist II
Published
Trending Quizzes
Risky Map Clicking: Least Populous States A-Z
1-10 Letter F Words
1-10 Letter G Words
One Thing in Common: United Kingdom
Risky Map Clicking: Next State Alphabetically
Recently Updated
Leaping Animals
pecheneg
Reality TV Shows (A-Z)
bhenderson79
Rickey Henderson's Hall of Fame Teammates
pecheneg
Champions League XIs: Arsenal
pecheneg
Quick Pick: Celebrities in WWE's Hall of Fame
aduchscher
A-Z Keypad Blitz II
pecheneg
Multiple Oscar Actors
pecheneg
Mystery Phrase Blitz: Oscar 'Best Actors'
pecheneg
F. Scott Fitzgerald Novels
LTH
Pick 3 Villains
ddd62291
Trending Topics
Kpop
Crossword
Harry Potter
Disney
NBA
Anime
Marvel
Soccer
Puzzle
The Office
Song
Pokémon
NFL
WWE
Country
Your Account Isn't Verified!
In order to create a playlist on Sporcle, you need to verify the email address you used during registration. Go to your
Sporcle Settings
to finish the process.
Report this User
Report this user for behavior that violates our
Community Guidelines
.
Details:
Send Report
Go to the Sporcle.com Mobile Site →
Comments